01883cam a22003254a 4500999001700000001000900017005001700026008004100043010001700084020002200101020002500123035002300148035002000171050002300191100002700214245009100241260004900332300004600381500026800427504006300695505026000758600005601018600003901074700002501113856008301138856010601221856009101327942001501418952012401433 c27115d271151435611420170207121935.0060427s2006 caua bc 001 0 eng  a 2006014159 a0892368624 (pbk.) a9780892368624 (pbk.) a(OCoLC)ocm67978835 a(OCoLC)6797883500aNC257 .B27B76 20061 aBrooks, Julian,d1969-10aGuercino :bmind to paper /cJulian Brooks with the assistance of Nathaniel E. Silver. aLos Angeles :bJ. Paul Getty Museum,cc2006. avii, 103 p. :bill. (some col.) ;c28 cm. a"This catalogue was published to accompany the exhibition Guercino: mind to paper held at the J. Paul Getty Museum, Los Angeles, October 17, 2006, to January 21, 2007, and at the Courauld Institute of Art Gallery, London, February 22 to May 13, 2007"--T.p. verso. aIncludes bibliographical references (p. 96-100) and index.0 aGuercino's life -- The Casa Gennari and the provenance of Sir Robert Witt's drawings -- Characterizing Guercino's draftsmanship -- Inventiveness and process -- Energy and spontaneity -- Texture, shadow, light, and space -- Humor and humanity -- Catalogue.00aGuercino,d1591-1666xCriticism and interpretation.00aGuercino,d1591-1666vExhibitions.1 aSilver, Nathaniel E.413Table of contents onlyuhttp://www.loc.gov/catdir/toc/ecip0613/2006014159.html423Contributor biographical informationuhttp://www.loc.gov/catdir/enhancements/fy0723/2006014159-b.html423Publisher descriptionuhttp://www.loc.gov/catdir/enhancements/fy0723/2006014159-d.html 2lcccBOOKS 00102lcc4070aMUCbMUCcTECHd2017-02-07eDonation(BFA)l0oNC257 .B27B76 2006p34495r2018-07-10w2017-02-07yBOOKS